[Event "AUTO-ADV-4904"]
[Site "http://www.queenalice.com/game.php?id=1865721"]
[Date "2025.11.18"]
[Round "1"]
[White "chessman"]
[Black "Pipo712"]
[Result "1-0"]
[WhiteElo "2132"]
[BlackElo "2070"]

1. e4 c5 2. Nf3 d6 3. Bb5+ Nd7 4. O-O Nf6 5. Re1 e5 6. c3 Be7 7. d4 O-O 8. Bxd7
Nxd7 9. Nbd2 Bf6 10. dxe5 Nxe5 11. Nxe5 dxe5 12. Nf3 Bd7 13. Qd5 Qe7 14. Be3 b6
15. Qc4 Be6 16. Qa4 Rfd8 17. Red1 Bd7 18. Qc2 Bc6 19. Ne1 Qb7 20. f3 h6 21. Nd3
Rd7 22. Nf2 h5 23. Rxd7 Bxd7 24. Rd1 Rd8 25. f4 exf4 26. Bxf4 Bc6 27. Rxd8+ Bxd8
28. Qd2 Bc7 29. Bxc7 Qxc7 30. c4 Qd7 31. Qxd7 Bxd7 32. Kf1 Kf8 33. b3 f5 34. Ke2
Ke7 35. Ke3 Kf6 36. Kf4 g5+ 37. Ke3 f4+ 38. Kf3 Ke5 39. h3 Kd4 40. h4 g4+ 41.
Kxf4 a5 42. e5 a4 43. Ne4 Bc6 44. Nf6 Bxg2 45. Nxh5 a3 46. e6 Bc6 47. Kxg4 Kc3
48. Nf4 Kb2 49. h5 Kxa2 50. h6 Kb1 51. h7 a2 52. h8=Q a1=Q 53. Qxa1+ Kxa1 54.
Nd5 Kb2 55. Nxb6 Kxb3 56. Kf5 Kb4 57. Ke5 Ka5 58. Nd5 1-0

[Event "AUTO-ADV-4899"]
[Site "http://www.queenalice.com/game.php?id=1866129"]
[Date "2025.11.24"]
[Round "2"]
[White "mvson33"]
[Black "Pipo712"]
[Result "0-1"]
[WhiteElo "1881"]
[BlackElo "2053"]

1. e4 c5 2. Nf3 Nc6 3. Bc4 d6 4. O-O Nf6 5. c3 Nxe4 6. Bb3 e6 7. d3 Nf6 8. Bg5
Be7 9. Nbd2 a6 10. Qe2 O-O 11. Bc2 Qc7 12. d4 cxd4 13. cxd4 Bd7 14. Rac1 b5 15.
a3 d5 16. Qd3 g6 17. Bh6 Rfc8 18. Rfe1 Qd8 19. Ne5 Qb6 20. Nxd7 Nxd7 21. Nf3 Bf6
22. Bg5 Bxd4 23. Nxd4 Qxd4 24. Qxd4 Nxd4 25. Bb1 Rxc1 0-1

[Event "AUTO-ADV-4899"]
[Site "http://www.queenalice.com/game.php?id=1866130"]
[Date "2025.11.24"]
[Round "2"]
[White "Pipo712"]
[Black "mvson33"]
[Result "1-0"]
[WhiteElo "2060"]
[BlackElo "1813"]

1. e4 c5 2. Nf3 Nc6 3. d4 cxd4 4. Nxd4 Nf6 5. Nc3 d6 6. Bg5 Bd7 7. Qd2 Nxd4 8.
Qxd4 g6 9. Bxf6 exf6 10. O-O-O Bg7 11. Qxd6 Qe7 12. Qxe7+ Kxe7 13. Nd5+ Kf8 14.
Nxf6 Be6 15. Nd5 Bh6+ 16. Kb1 Kg7 17. Nc7 Rad8 18. Nxe6+ fxe6 19. Bc4 Rhe8 20.
Bb5 Rf8 21. f3 Kf6 22. c3 Bg7 23. Kc2 Ke7 24. Rxd8 Rxd8 25. Rd1 Rxd1 26. Kxd1
Kd6 27. Bc4 Kc5 28. Bxe6 h6 29. Kc2 a5 30. a4 b5 31. Kb3 1-0

[Event "AUTO-ADV-4899"]
[Site "http://www.queenalice.com/game.php?id=1866133"]
[Date "2025.11.24"]
[Round "2"]
[White "Pipo712"]
[Black "Pin"]
[Result "0-1"]
[WhiteElo "2070"]
[BlackElo "2059"]

1. e4 c5 2. Nf3 d6 3. c3 Nf6 4. Be2 Nc6 5. Qc2 g6 6. O-O Bg7 7. h3 O-O 8. d3 a6
9. Nbd2 b5 10. d4 cxd4 11. cxd4 Bb7 12. a3 Rc8 13. Qd3 e6 14. Re1 Re8 15. b4 Qe7
16. Bb2 Nd7 17. Bf1 Nb6 18. Rac1 Qd7 19. Qe3 Ne7 20. Ba1 Rxc1 0-1

[Event "AUTO-ADV-4899"]
[Site "http://www.queenalice.com/game.php?id=1866134"]
[Date "2025.11.24"]
[Round "2"]
[White "Pin"]
[Black "Pipo712"]
[Result "1-0"]
[WhiteElo "2075"]
[BlackElo "2054"]

1. e4 c6 2. d4 d5 3. Nc3 dxe4 4. Nxe4 Nf6 5. Nxf6+ exf6 6. Bc4 Bd6 7. Nf3 O-O 8.
O-O Re8 9. c3 Nd7 10. Qc2 Nf8 11. Be3 Bg4 12. Nd2 Qc7 13. h3 Bh5 14. Bd3 Bg6 15.
Bxg6 Nxg6 16. Nf3 Re7 17. Rae1 Rae8 18. Qd2 Bf4 19. Kh1 Bxe3 20. Rxe3 1-0

[Event "AUTO-OPEN-4634"]
[Site "http://www.queenalice.com/game.php?id=1868040"]
[Date "2026.1.15"]
[Round "1"]
[White "Pipo712"]
[Black "Esvir"]
[Result "1-0"]
[WhiteElo "2075"]
[BlackElo "2042"]

1. e4 e5 2. Nf3 d6 3. d4 exd4 4. Nxd4 Nf6 5. Nc3 c6 6. Bf4 Be7 7. h3 Qa5 8. Qd2
Na6 9. O-O-O Nc5 10. f3 b5 11. Nxc6 Qc7 12. Nxe7 Qxe7 13. Bxd6 1-0

[Event "AUTO-OPEN-4634"]
[Site "http://www.queenalice.com/game.php?id=1868063"]
[Date "2026.1.15"]
[Round "1"]
[White "Pipo712"]
[Black "Capixabba789"]
[Result "1-0"]
[WhiteElo "2056"]
[BlackElo "1884"]

1. c4 e5 2. Nc3 Nf6 3. g3 d5 4. cxd5 Nxd5 5. Bg2 Nxc3 6. bxc3 c6 7. e3 Be6 8. d4
exd4 9. exd4 Bd5 10. Nf3 Nd7 11. O-O Be7 12. Re1 O-O 13. Qc2 Bf6 14. c4 Bxf3 15.
Bxf3 Bxd4 16. Rb1 Qc8 17. Bg4 Qd8 18. Rxb7 Nf6 19. Bf3 c5 20. Ree7 a5 21. Bf4
Ra6 22. Qb3 Ra8 23. g4 Bxf2+ 24. Kxf2 1-0

[Event "AUTO-OPEN-4634"]
[Site "http://www.queenalice.com/game.php?id=1868064"]
[Date "2026.1.15"]
[Round "1"]
[White "Capixabba789"]
[Black "Pipo712"]
[Result "0-1"]
[WhiteElo "1904"]
[BlackElo "2065"]

1. d4 d5 2. Nc3 Nf6 3. f4 Bf5 4. Nf3 e6 5. e3 Nc6 6. Bd3 Be7 7. O-O O-O 8. a3
Bxd3 9. cxd3 a6 10. Ne5 Nxe5 11. fxe5 Nd7 12. Ne2 b5 13. Ng3 g6 14. Bd2 c5 15.
Qg4 f5 16. Qf3 Bg5 17. Qe2 cxd4 18. exd4 Bxd2 19. Qxd2 Qb6 20. Qe3 Rac8 21. Rac1
Kg7 22. b4 Rxc1 23. Rxc1 f4 24. Nh5+ gxh5 25. Qh3 Qxd4+ 26. Kh1 Qxe5 27. Rf1 Qf5
28. Qf3 Ne5 29. Qf2 Nxd3 30. Qa7+ Rf7 31. Qxa6 d4 32. Qd6 e5 0-1